| 000 | 00900nam a22002055i 4500 | ||
|---|---|---|---|
| 001 | 153077 | ||
| 003 | ES-MaACL | ||
| 005 | 20250830063107.0 | ||
| 008 | 971021s1808 sp |||| | spa d | ||
| 040 |
_aCAM _bspa _cCAM |
||
| 100 | 1 |
_aCevallos Guerra, Pedro, _d1764-1840 _9141468 |
|
| 245 | 1 | 0 |
_aExposicion de los hechos y maquinaciones que han preparado la usurpacion de la Corona de España, y los medios que el emperador de los franceses ha puesto en obra para realizarla / _cpor Pedro Cevallos. |
| 250 | _aReimp. | ||
| 260 |
_aCadiz : _b[s.n.], _c1808 ( _fJosef Niel) |
||
| 300 |
_a76 p. ; _c20 cm. |
||
| 600 | 0 | 4 |
_aNapoleón _bI _c, Emperador de Francia. _984910 |
| 651 | 4 |
_aEspaña- _xHistoria- _y1808-1814, Guerra de la Independencia _98244 |
|
| 852 |
_aES-MaACL _jR-3318(7) _z.- Enc. en un vol. facticio con otras obras formando "Miscelanea patriotica" |
||
| 999 |
_c153077 _d153077 |
||